Los Angeles Clippers Head Coaches by Picture - Statistics

General Stats
  • This quiz has been taken 18 times
  • The average score is 7 of 25
Answer Stats
Picture Hint Answer % Correct
2013-2020 Doc Rivers
100%
2020-Present Tyronn Lue
100%
2000-2003 Alvin Gentry
57%
1992-1993 Larry Brown
57%
2003-2010 Mike Dunleavy Sr.
57%
2010-2013 Vinny Del Negro
57%
1994-1998 Bill Fitch
29%
1972-1976 Jack Ramsay
29%
1998-2000 Chris Ford
21%
2003 Dennis Johnson
21%
1985-1987 Don Chaney
21%
1993-1994 Bob Weiss
14%
1977-1978 Cotton Fitzsimmons
14%
1990-1992 Mike Schuler
14%
1980-1983 Paul Silas
14%
1970-1971 Dolph Schayes
7%
1989-1990 Don Casey
7%
1978-1980 | 1987-1989 Gene Shue
7%
1983-1985 Jim Lynam
7%
2000 Jim Todd
7%
1977 Joe Mullaney
7%
1971-1972 Johnny McCarthy
7%
2010 Kim Hughes
7%
1992 Mack Calvin
7%
1976-1977 Tates Locke
7%
No matching quizzes found
Score Distribution
Percent of People with Each Score
Percentile by Number Answered
Your Score History
You have not taken this quiz